00511nam a2200193 a 4500001001300000003000900013005001700022008004100039020002300080082001500103100002900118245001800147260002500165300000900190500003500199505002400234650003000258700002900288nice12345678IN_TiNIC20260116015044.0050524s2000 dela grp 000 0 eng  a8172147 c10000a232.5bBAN aBanerjee, Brojendra Nath aJesus My Hope aDelhi bISPCK c2000 a124p aincludes index and biblioraphy2 aBibliography, Index aJesus Christ-Resurrection1 aBanerjee, Brojendra Nath